00589nam a2200169 a 4500008004100000050002200041100001400063245007100077260003700148300001800185350000900203490003600212650002200248650004200270710006000312710004700372090617s1978 ||||||||||||||||| || u aGOV.ZAM(02)1978/4 aUtting, J14aThe Karroo stratigraphy of the northern part of the Luangwa Valley aLusakabGovernment Printerc1978 av, 64p.: ill. a0.00 aMemoir of the Geological Survey aKARROO SUPERGROUP aCOAL--GEOLOGY--LUANGWA VALLEY--ZAMBIA aGovernment of the Republic of Zambia. Ministry of Mines aGovernment of the Republic of Zambia (GRZ)